00551nam a2200181Ia 4500008004000000041000800040082001200048100001800060245002400078260004300102300000800145650001300153650001500166690002200181906001100203999001900214952013600233210210b1916 xxu||||| |||| 00| 0 eng d aeng a320/129 aDAVIS (H W C) aAristotles politics aLondonbOxford University Pressc1916 a355 apolitics aAristotles aPolitical Science a001879 c117702d117702 001040708Political ScienceaALbALcPolitical Scienced2021-02-17g0.00l0o320/129p001879r2021-02-17 00:00:00w2021-02-17yBK